<?xml version="1.0" encoding="UTF-8"?><?xml-stylesheet type="text/xsl" href="static/style.xsl"?><OAI-PMH xmlns="http://www.openarchives.org/OAI/2.0/" xmlns:xsi="http://www.w3.org/2001/XMLSchema-instance" xsi:schemaLocation="http://www.openarchives.org/OAI/2.0/ http://www.openarchives.org/OAI/2.0/OAI-PMH.xsd"><responseDate>2026-06-02T04:36:52Z</responseDate><request verb="GetRecord" identifier="oai:riuma.uma.es:10630/38144" metadataPrefix="marc">https://riuma.uma.es/rest/oai/request</request><GetRecord><record><header><identifier>oai:riuma.uma.es:10630/38144</identifier><datestamp>2026-02-12T12:43:57Z</datestamp><setSpec>com_10630_1685</setSpec><setSpec>col_10630_38085</setSpec></header><metadata><record xmlns="http://www.loc.gov/MARC21/slim" xmlns:dcterms="http://purl.org/dc/terms/" xmlns:doc="http://www.lyncode.com/xoai" xmlns:xsi="http://www.w3.org/2001/XMLSchema-instance" xsi:schemaLocation="http://www.loc.gov/MARC21/slim http://www.loc.gov/standards/marcxml/schema/MARC21slim.xsd">
   <leader>00925njm 22002777a 4500</leader>
   <datafield ind2=" " ind1=" " tag="042">
      <subfield code="a">dc</subfield>
   </datafield>
   <datafield ind2=" " ind1=" " tag="720">
      <subfield code="a">Rubio-Perea, Engracia María</subfield>
      <subfield code="e">author</subfield>
   </datafield>
   <datafield ind2=" " ind1=" " tag="260">
      <subfield code="c">2025-03</subfield>
   </datafield>
   <datafield ind2=" " ind1=" " tag="520">
      <subfield code="a">"Introducción a la semántica" es un Recurso Educativo Abierto (REA) diseñado para la formación de futuros docentes de Lengua y Literatura en el Máster en Profesorado. Su objetivo es proporcionar una comprensión profunda de los principios y enfoques de la semántica, facilitando su aplicación en la enseñanza de la Lengua en Secundaria.&#xd;
&#xd;
Este REA se organiza en varias unidades didácticas que abordan aspectos clave como el significado léxico, las relaciones semánticas y el contexto comunicativo, promoviendo estrategias pedagógicas para su enseñanza en el aula. A través de actividades interactivas, debates, análisis de textos y el uso de herramientas digitales, se fomenta el aprendizaje activo y la aplicación práctica de los conceptos.&#xd;
La evaluación del aprendizaje combina autoevaluaciones, ejercicios de análisis semántico, participación en foros y creación de materiales didácticos, permitiendo que los estudiantes no solo adquieran conocimientos teóricos, sino que también desarrollen habilidades para su enseñanza. Este REA es un recurso flexible y adaptable que impulsa el uso de tecnologías en el aula y favorece la integración de metodologías innovadoras en la formación docente.</subfield>
   </datafield>
   <datafield ind1="8" ind2=" " tag="024">
      <subfield code="a">Rubio Perea, E.M. (2025). Introducción a la semántica (REA) para la enseñanza de la semántica en el Máster en Profesorado. Universidad de Málaga</subfield>
   </datafield>
   <datafield ind1="8" ind2=" " tag="024">
      <subfield code="a">https://hdl.handle.net/10630/38144</subfield>
   </datafield>
   <datafield tag="653" ind2=" " ind1=" ">
      <subfield code="a">Investigación activa en educación</subfield>
   </datafield>
   <datafield tag="653" ind2=" " ind1=" ">
      <subfield code="a">Profesores - Formación profesional</subfield>
   </datafield>
   <datafield tag="653" ind2=" " ind1=" ">
      <subfield code="a">Español - Semántica - Estudio y enseñanza superior</subfield>
   </datafield>
   <datafield ind2="0" ind1="0" tag="245">
      <subfield code="a">Introducción a la semántica: recurso educativo abierto (REA) para la enseñanza de la semántica en el Máster en Profesorado.</subfield>
   </datafield>
</record>
</metadata></record></GetRecord></OAI-PMH>